LEADER 02405nam 2200529 a 450 001 9910461791003321 005 20200520144314.0 035 $a(CKB)2670000000181434 035 $a(EBL)3387536 035 $a(SSID)ssj0000660533 035 $a(PQKBManifestationID)11404222 035 $a(PQKBTitleCode)TC0000660533 035 $a(PQKBWorkID)10708348 035 $a(PQKB)11015292 035 $a(MiAaPQ)EBC3387536 035 $a(Au-PeEL)EBL3387536 035 $a(CaPaEBR)ebr10496887 035 $a(OCoLC)787842667 035 $a(EXLCZ)992670000000181434 100 $a20100616d2011 uy 0 101 0 $aeng 135 $aur|n|---||||| 181 $ctxt 182 $cc 183 $acr 200 00$aMade to measure$b[electronic resource] $ethe architecture of Leers Weinzapfel Associates /$fAndrea Leers ... [et al.] 205 $a1st ed. 210 $aNew York $cPrinceton Architectural Press$dc2011 215 $a1 online resource (176 p.) 300 $aDescription based upon print version of record. 311 $a1-56898-957-1 327 $a""Contents""; ""Foreword""; ""Preface""; ""Introduction""; ""Compacting & Wrapping""; ""University of Pennsylvania Gateway Complex""; ""Princeton University Chilled Water Plant Expansion""; ""University of Cincinnati University Pavilion""; ""Weaving & Embedding""; ""Blue Hill Avenue Youth Development Center""; ""MIT School of Architecture and Planning""; ""Smith College Fitness Center""; ""Harvard University Science Center Expansion""; ""Stitching & Fitting""; ""Cambridge School of Weston Mugar Center for the Performing Arts""; ""Harvard University New College Theater"" 327 $a""Harvard University Library Services Building""""U.S. District Courthouse (Orlando, Florida)""; ""In Conversation""; ""Studio""; ""Project Credits""; ""Principalsa??? Biographies and List of Associates""; ""Acknowledgments""; ""Illustration Credits"" 606 $aArchitecture$zUnited States$xHistory$y20th century 606 $aArchitecture$zUnited States$xHistory$y21st century 608 $aElectronic books. 615 0$aArchitecture$xHistory 615 0$aArchitecture$xHistory 676 $a720.92/2 701 $aLeers$b Andrea$0941350 801 0$bMiAaPQ 801 1$bMiAaPQ 801 2$bMiAaPQ 906 $aBOOK 912 $a9910461791003321 996 $aMade to measure$92123255 997 $aUNINA